000 00803nam a2200253Ia 4500
003 OSt
005 20220923211429.0
006 a|||||r|||| 00| 0
007 ta
008 220922b |||||||| |||| 00| 0 hin d
020 _a9789350000021 (hbk)
_c350
024 _a241,793
037 _b448, 18/02/2010, Vani Prakashan
_cTextual
040 _aARTS
_cARTS
_bhin
041 _2hin
_ahin
082 _aO5932,3N17,DA, 152P9
100 _aसॉबो, मॉगदॉ
245 0 _aदरवाज़ा
246 _aDaravāज़ā
260 _aदिल्ली
_b वाणी प्रकाशन
_c2009
300 _a224i`
_ccm.
942 _hO5932,3N17,DA, 152P9
_cTEXL
_2CC
999 _c299387
_d299387